| 000 | 00731cam a2200205 a 4500 | ||
|---|---|---|---|
| 001 | 000006946 | ||
| 005 | 20200929154029.0 | ||
| 008 | 930721s1974 pr 000 p spa d | ||
| 040 |
_aDO-SdBNP _bspa _cBNPHU |
||
| 082 |
_aPR861.44 _bA776v |
||
| 100 | 1 |
_aArrillaga, María, _d1940- _914084 |
|
| 245 | 1 | 0 | _aVida en el tiempo. |
| 260 |
_aSan Juan, Puerto Rico : _bInstituto de Cultura Puertorriqueña ; _bEl Ateneo Puertorriqueño, _c1974. |
||
| 300 |
_a134 p. ; _c24 cm. |
||
| 586 | _aPrimer premio del certamen de poesía Festival de Navidad 1972 del Ateneo Puertorriqueño. | ||
| 650 | 4 |
_aPoesía puertorriqueña _91015 |
|
| 650 | 4 |
_aLiteratura puertorriqueña _9250 |
|
| 910 | _aValidado. Control de calidad BNPHU | ||
| 049 | _aBNGR | ||
| 999 |
_c6730 _d6730 |
||